000 00570nam a2200229Ia 4500
003 OSt
005 20221005130909.0
006 a|||||r|||| 00| 0
007 ta
008 221004b |||||||| |||| 00| 0 mal d
024 _a55846
037 _cTextual
040 _aCRL
_cCRL
_bmal
041 _2mal
_amal
082 _aO32,2M88,1, G5
100 _aMenon Narayana Au.
245 0 _aSapatnyam
260 _c1935
650 _aMALAYALAM DRAMA
_9207189
942 _hO32,2M88,1, G5
_cTEXL
_2cc
999 _c1058719
_d1058719